Le traitement scientifique de la morale chrétienne selon Saint Augustin
Saved in:
| Hovedforfatter: | |
|---|---|
| Format: | Bog |
| Sprog: | fransk |
| Udgivet: |
Montreal
Institut d'Études Médiévales
1957
|
| Serier: | Université de Montréal: publications de l'institut d'études médiévales, 15
|
| Fag: | |
| Tags: |
Tilføj Tag
Ingen Tags, Vær først til at tagge denne postø!
|
MARC
| LEADER | 00000nam a2200000 a 4500 | ||
|---|---|---|---|
| 001 | UCZ4834 | ||
| 003 | CL-VaPUC | ||
| 008 | 951110e19570000CN |||||||||||||||||fre|d | ||
| 082 | 0 | 4 | |a 189.2 |b DEM |2 21 |
| 100 | 0 | |a Deman, Th |e author |9 348818 | |
| 245 | 1 | 3 | |a Le traitement scientifique de la morale chrétienne selon Saint Augustin |
| 300 | |a 133 p | ||
| 942 | |c BK | ||
| 945 | |d 19951110 00:00:00 |a lriquelm | ||
| 260 | |a Montreal |b Institut d'Études Médiévales |c 1957 | ||
| 600 | 0 | |a San Agustín de Hipona |x Teólogo y filósofo cristiano |9 311590 | |
| 650 | 0 | |a Escolasticismo |9 264998 | |
| 650 | 7 | |a DOCTRINAS RELIGIOSAS |2 CL-VaPUC |9 337177 | |
| 650 | 0 | |a Filosofía cristiana |9 265980 | |
| 650 | 0 | |a Ética |9 255099 | |
| 650 | 0 | |a Conceptos morales |9 310606 | |
| 650 | 0 | |a Teología |9 258766 | |
| 650 | 7 | |a ORDEN MORAL |2 CL-VaPUC |9 334570 | |
| 583 | |a last modification |c 19951110 00:00:00 |k Rodrigo Vera | ||
| 490 | 0 | |a Université de Montréal: publications de l'institut d'études médiévales, 15 | |
| 999 | |c 241197 |d 241195 | ||
| 952 | |0 0 |1 0 |4 0 |6 189_200000000000000_DEM_1957 |7 0 |8 P |9 253387 |a BIBEDU |b BIBEDU |c BIBEDU_PB |d 2019-11-19 |i 157213K |o 189.2 DEM 1957 |p 157213K |r 2024-01-25 |w 2019-11-19 |y BK |k FIL | ||